00757 2200265 4500001002100000005001500021035002000036007000300056008004100059020002200100082001400122084001800136100001700154245011500171250002400286260003300310300002300343650002000366700002000386700001900406700002500425700001700450990001200467990001200479INLIS00000000000154220180213094259 a0010-0218000137ta180213 g 1 ind  a978-602-291-036-7 a899.221 3 a899.221 3 NEG0 aWAHYUNINGRAT1 aNegeri van Orange /cWahyuningrat, Adept Widiarsa, Annisa Rijadi, Rizki Pandu Permana; penyunting, Gunawan B.S aed. II.-- cet. 8.-- aYogyakarta :bBentang,c2015 a565 hlm. ;c18 cm. aFIKSI INDONESIA0 aADEPT, Widiarsa0 aANNISA, Rijadi0 aRIZKI, Pandu Permana0 aGUNAWAN, B.S a16503 a a15503 b